MDQL
is popping MORE tags! Check the
thread
!
Quizzes
Events
Quiz Creation
Community
Videos
Private Events
Remove Ads
Sign In
Join for FREE
Feedback
Dark Mode
Quiz Categories
Sports
Geography
Music
Movies
Television
Just For Fun
Miscellaneous
History
Literature
Language
Science
Gaming
Entertainment
Religion
Holiday
For Kids
Quiz Lab
Recent
Popular Today
Quiz Kudos Today
Editor Picks
Curator Picks
Quizzes by...
Day
Popularity
Type
Ratings
Length
Year
Community
Subscriptions
Recent Discussions
Orange Saloon
Badges
Playlists
Quests
Create
Leaderboards
Showdown
Live 5
Trivia Bingo
Activity
Puzzle Library
Sporcle Events
Private Events
Virtual Trivia
Globe League
Become a Host
Pub Owners
SporcleCon
Opinionation
Our Games
Videos
Blog
Mobile Apps
Partnerships
Remove Ads and Go Orange
Feedback
Sports
Athletes
MLB
NBA
NHL
NFL
Soccer
Sports Teams
WWE
NCAA
Football
Premier League
Basketball
Baseball
Hockey
Golf
Tennis
Cricket
Rugby
Auto Racing
Olympics
World Cup
Sports
Athletes
MLB
NBA
NHL
NFL
Soccer
Sports Teams
WWE
NCAA
Football
Premier League
Basketball
Baseball
Hockey
Golf
Tennis
Cricket
Rugby
Auto Racing
Olympics
World Cup
Random Quiz
Search Sporcle
×
Quiz Lab
Quiz Lab
Sports
Baseball
Type in answers that appear in a list
Type in answers that appear in a list
Classic
Best Score? Go Orange.
MLB Gold Glove Shortstops (NL) Stats
Can you name the MLB Gold Glove Shortstops (NL)?
By
manaret
10m
62 Questions
535 Plays
535 Plays
535 Plays
Comments
Comments
Give Quiz Kudos
Give Quiz Kudos
-
- Ratings
hide this ad
More Info
Replay
Link that replays current quiz
Next Quiz
Link to next quiz in quiz playlist
You Got
0%
They Got
Avg Score
70%
Avg Friend Score
Upgrade to see
Score Distribution
Jump to the score distribution portion of the page
Score
0/62
Timer
10:00
0
Plays Today
Year
Name
% Correct
1980
Ozzie Smith
97.6%
1981
Ozzie Smith
97.6%
1982
Ozzie Smith
97.6%
1983
Ozzie Smith
97.6%
1984
Ozzie Smith
97.6%
1985
Ozzie Smith
97.6%
1986
Ozzie Smith
97.6%
1987
Ozzie Smith
97.6%
1988
Ozzie Smith
97.6%
1989
Ozzie Smith
97.6%
1990
Ozzie Smith
97.6%
1991
Ozzie Smith
97.6%
1992
Ozzie Smith
97.6%
2007
Jimmy Rollins
95.5%
2008
Jimmy Rollins
95.5%
2009
Jimmy Rollins
95.5%
2012
Jimmy Rollins
95.5%
1994
Barry Larkin
94%
1995
Barry Larkin
94%
1996
Barry Larkin
94%
2010
Troy Tulowitzki
89.1%
2011
Troy Tulowitzki
89.1%
2017
Brandon Crawford
88.4%
1974
Dave Concepcion
86%
1975
Dave Concepcion
86%
1976
Dave Concepcion
86%
1977
Dave Concepcion
86%
1979
Dave Concepcion
86%
2015
Brandon Crawford
83.7%
2016
Brandon Crawford
83.7%
2002
Edgar Renteria
75.1%
Year
Name
% Correct
2003
Edgar Renteria
75.1%
1960
Ernie Banks
73%
2013
Andrelton Simmons
72.7%
2014
Andrelton Simmons
72.7%
1972
Larry Bowa
72.5%
1978
Larry Bowa
72.5%
1961
Maury Wills
65.2%
1962
Maury Wills
65.2%
1997
Rey Ordonez
59.2%
1998
Rey Ordonez
59.2%
1999
Rey Ordonez
59.2%
1993
Jay Bell
56.6%
1971
Bud Harrelson
55.8%
1969
Don Kessinger
51.1%
1970
Don Kessinger
51.1%
2018
Nick Ahmed
48.9%
2005
Omar Vizquel
43.6%
2006
Omar Vizquel
43.6%
2001
Orlando Cabrera
42.9%
1957
Roy McMillan
40.1%
1958
Roy McMillan
40.1%
1959
Roy McMillan
40.1%
1968
Dal Maxvill
40.1%
1966
Gene Alley
39.7%
1967
Gene Alley
39.7%
1973
Roger Metzger
36.9%
2000
Neifi Perez
36.9%
1965
Leo Cardenas
34.3%
2004
Cesar Izturis
31.8%
1963
Bobby Wine
30.1%
1964
Ruben Amaro
26.4%
Quiz Playlist
Details
Report
Send in Message
Add To Playlist
More Info:
*1957 GG awarded at the MLB level.
Classic:
Type in answers that appear in a list
Quiz Source
Last Updated: Nov 6, 2018
Quiz Scoreboard
CHALLENGE
Sign Up to Join the Scoreboard
Show All
Scores
Hide
Comments
May contain spoilers
Recently Published
Street Fighter Characters
by Artimus82
Gaming
60s
9x9 Crossword: Cartoon Network
by jackfrog10
Miscellaneous
3m
College Basketball Coaching Resumes
by pancakes188
Sports
9m
More to Explore
Quiz From the Vault
Featured Blog Post
Where Did the Easter Bunny Come From?
hide this ad
You Might Also Like...
Tags
Baseball Quiz
MLB Quiz
Gold Glove
National League
NL Gold
NL Home
shortstop
Today's Top Quizzes in Sports
Browse Sports
hide this ad
Today's Top Quizzes in Baseball
Browse Baseball
Top Contributed Quizzes in Sports
1
2022 World Cup Stars
2
Les meilleurs buteurs des matchs entre le PSG et l’OM
3
FIFA Club World Cup Champions
4
Les entraîneurs de l'OM et du PSG au 21e siècle
5
Criteria MLB: Left Handed Sluggers
6
2023 MLB Unique Player Accomplishments
7
AFC Teams Reveal (Wrong Answers Minefield)
8
5-to-1: FBS Animal Nicknames
9
Players with Multiple 50 Home Run Seasons
10
5-to-1: UK Sports Teams
Explore More
Trending Topics
Crossword
Marvel
Kpop
NBA
Disney
Harry Potter
Anime
Soccer
Pokémon
Song
NFL
WWE
Country
Puzzle
The Office
hide this ad
More By:
manaret
Quiz
Plays
Rating
Category
Featured
Created
MLB Gold Glove Third Basemen (NL)
546
5.00
Sports
Jul 17, 2017
MLB Gold Glove Third Basemen (NL)
546
5.00
Sports
Jul 17, 2017
MLB Gold Glove Shortstops (NL)
535
5.00
Sports
Jul 17, 2017
MLB Gold Glove First Basemen (AL)
534
4.75
Sports
Jul 14, 2017
MLB Gold Glove Third Basemen (AL)
527
5.00
Sports
Jul 14, 2017
MLB Gold Glove Shortstops (AL)
514
5.00
Sports
Jul 14, 2017
Go to Creator's Profile
Score Distribution
Quiz Creator Spotlight
manaret
Follow
Send a Message
Quizzes Created
-
Created Quiz Play Count
-
More By This Creator
Popular Quizzes Today
1
Find the US States - No Outlines Minefield
2
Find the Countries of Europe - No Outlines Minefield
3
The Countries of the World
4
Find the US States
5
Risky Map Clicking: Biggest States A-Z
6
US States
7
Popular People in 1961
8
Movies - When Are They Set?
More Sports Quizzes
MLB Click-by-Numbers
Published
Trending Quizzes
Risky Map Clicking: Least Populous States A-Z
Countries of the World: 200 Million BC
Billboard Blitz: Aretha Franklin
1-10 Letter G Words
Famous Russians: Author or Composer?
Recently Updated
Leaping Animals
pecheneg
Reality TV Shows (A-Z)
bhenderson79
Rickey Henderson's Hall of Fame Teammates
pecheneg
Champions League XIs: Arsenal
pecheneg
Quick Pick: Celebrities in WWE's Hall of Fame
aduchscher
A-Z Keypad Blitz II
pecheneg
Multiple Oscar Actors
pecheneg
Mystery Phrase Blitz: Oscar 'Best Actors'
pecheneg
F. Scott Fitzgerald Novels
LTH
Pick 3 Villains
ddd62291
Trending Topics
Anime
Disney
NBA
Kpop
Harry Potter
Crossword
Marvel
Song
Country
Pokémon
NFL
Soccer
Puzzle
WWE
The Office
Your Account Isn't Verified!
In order to create a playlist on Sporcle, you need to verify the email address you used during registration. Go to your
Sporcle Settings
to finish the process.
Report this User
Report this user for behavior that violates our
Community Guidelines
.
Details:
Send Report
Go to the Sporcle.com Mobile Site →
Comments